000 00525nam a2200157Ia 4500
999 _c20454
_d20454
003 OSt
005 20200605150855.0
008 190216s9999||||xx |||||||||||||| ||und||
040 _coclc
082 _a324.25403
_bMAZ/I
100 _a Mazumdar, Amvika Charan
_92558
245 4 _aThe Indian National Congress And The Growth Of Indian Nationalism /
_cAmvika Charan Mazumdar
260 _bDaya Publishing House,
_c1985.
_aDelhi:
300 _a475p
942 _cBK
_2ddc
_h324.25403
_iMAZ/I
_k324.25403
_mMAZ/I